Disparities in the levels of development in Assam: a spatio-temporal analysis (Record no. 12802)
[ view plain ]
| 000 -LEADER | |
|---|---|
| fixed length control field | 00612nam a2200169Ia 4500 |
| 082 ## - DEWEY DECIMAL CLASSIFICATION NUMBER | |
| Classification number | RH 0051 |
| 100 ## - MAIN ENTRY--AUTHOR NAME | |
| Personal name | Hazarika, Padmalochan |
| 245 #0 - TITLE STATEMENT | |
| Title | Disparities in the levels of development in Assam: a spatio-temporal analysis |
| Sub Title | : |
| 260 ## - PUBLICATION, DISTRIBUTION, ETC. (IMPRINT) | |
| Year of publication | 2009 |
| Name of publisher | Indian Council of Social Science Research, New Delhi |
| 300 ## - PHYSICAL DESCRIPTION | |
| Number of Pages | 260 |
| 504 ## - BIBLIOGRAPHY, ETC. NOTE | |
| Bibliography, etc | include appendices and bibliography |
| 650 ## - SUBJECT ADDED ENTRY--TOPICAL TERM | |
| Topical Term | Industrialization |
| Geographic subdivision | India |
| -- | Assam |
| 650 ## - SUBJECT ADDED ENTRY--TOPICAL TERM | |
| Topical Term | Assam (India) |
| Form subdivision | Economic conditions |
| 650 ## - SUBJECT ADDED ENTRY--TOPICAL TERM | |
| Topical Term | Agricultural development |
| Geographic subdivision | India |
| -- | Assam |
| 650 ## - SUBJECT ADDED ENTRY--TOPICAL TERM | |
| Topical Term | Economic development |
| Form subdivision | Regional disparities |
| Geographic subdivision | India |
| -- | Assam |
| 942 ## - ADDED ENTRY ELEMENTS (KOHA) | |
| Koha item type | Research Reports |
| Source of classification or shelving scheme | Dewey Decimal Classification |
| Withdrawn status | Lost status | Damaged status | Not for loan | Collection code | Home library | Current library | Date acquired | Source of acquisition | Bill Date | Full call number | Accession Number | Price effective from | Koha item type |
|---|---|---|---|---|---|---|---|---|---|---|---|---|---|
| Major Research Project Reports | NASSDOC Library | NASSDOC Library | 19/01/2013 | Gifted by : NERP Division, ICSSR | 2012-12-21 | RH 0051 | 47960 | 18/04/2019 | Research Reports |
